书目信息 |
| 题名: |
中国动物志
|
|
| 作者: | ;刘瑞玉 , 任先秋 主编 ;中国科学院 主编 | |
| 分册: | 第四十二卷 无脊椎动物 | |
| 出版信息: | 北京 科学出版社 2007 |
|
| 页数: | 15,633页 | |
| 开本: | 27cm | |
| 丛书名: | ||
| 单 册: | ||
| 中图分类: | Q958.2 , Q959.223 | |
| 科图分类: | ||
| 主题词: | 动物志--中国 , 围胸目--动物志--中国 | |
| 电子资源: | ||
| ISBN: | 978-7-03-018811-3 | |
| 000 | 01492nam0 2200325 450 | |
| 001 | 012004158727 | |
| 005 | 20080327142422.37 | |
| 009 | 012004158727 | |
| 010 | @a978-7-03-018811-3@b精装@dCNY168.00 | |
| 035 | @a(110017)062007036655 | |
| 100 | @a20070808d2007 em y0chiy0110 ea | |
| 101 | 0 | @achi |
| 102 | @aCN@b110000 | |
| 105 | @ay z 001yy | |
| 106 | @ar | |
| 200 | 1 | @a中国动物志@Azhong guo dong wu zhi@i无脊椎动物@h第四十二卷@i甲壳动物亚门@i蔓足下纲@i围胸总目@dFauna sinica@iInvertebrata@hVol.42@iCrustacea@iCirripedia@iThoracica@f中国科学院中国动物志编辑委员会主编@g刘瑞玉, 任先秋主编@zlat |
| 210 | @a北京@c科学出版社@d2007 | |
| 215 | @a15,633页@d27cm | |
| 300 | @a中国科学院知识创新工程重大项目 国家自然科学基金重大项目(国家自然科学基金委员会 中国科学院 科学技术部资助) | |
| 330 | @a本书分总论和各论两部分。总论主要论述了该类群动物的研究历史、形态结构、繁殖生长系统发育及分类系统、生物学和生态学、屈膝组成和地理分布及经济意义等内容。各论详细介绍了中国海域198种围胸总目蔓足类,分述科、~属、种的形态特征,生态习性,地理分布及分类问题的讨论等。 | |
| 510 | 1 | @aFauna sinica@iInvertebra@hVol. 42@iCrustacea@iCirripedia@iThoracica@zlat |
| 606 | 0 | @a动物志@y中国 |
| 606 | 0 | @a围胸目@x动物志@y中国 |
| 690 | @aQ958.2@v4 | |
| 690 | @aQ959.223@v4 | |
| 702 | 0 | @a刘瑞玉@Aliu rui yu@4主编 |
| 702 | 0 | @a任先秋@Aren xian qiu@4主编 |
| 711 | 02 | @a中国科学院@Azhong guo ke xue yuan@b中国动物志编辑委员会@4主编 |
| 801 | 0 | @aCN@b110017@c20080327 |
| 905 | @dQ958.2@e11:1(42)@f2 | |
| 中国动物志.无脊椎动物.第四十二卷.甲壳动物亚门.蔓足下纲.围胸总目=Fauna sinica.Invertebrata.Vol.42.Crustacea.Cirripedia.Thoracica/中国科学院中国动物志编辑委员会主编/刘瑞玉, 任先秋主编.-北京:科学出版社,2007 |
| 15,633页;27cm |
| 中国科学院知识创新工程重大项目 国家自然科学基金重大项目(国家自然科学基金委员会 中国科学院 科学技术部资助) |
| ISBN 978-7-03-018811-3(精装):CNY168.00 |
| 本书分总论和各论两部分。总论主要论述了该类群动物的研究历史、形态结构、繁殖生长系统发育及分类系统、生物学和生态学、屈膝组成和地理分布及经济意义等内容。各论详细介绍了中国海域198种围胸总目蔓足类,分述科、~属、种的形态特征,生态习性,地理分布及分类问题的讨论等。 |
| ● |
| 相关链接 |
|
|
|
|
正题名:中国动物志
索取号:Q958.2/11:1(42)
 
预约/预借
| 序号 | 登录号 | 条形码 | 馆藏地/架位号 | 状态 | 备注 |
| 1 | 0792875 | 207928750 | 第二样本阅览室/ [索取号:Q958.2/11:1(42)] | 在馆 | |
| 2 | 0792876 | 207928769 | 第三借阅区/ [索取号:Q958.2/11:1(42)] | 在馆 |